Fundamentals of Compressible Flow (Record no. 161784)

MARC details
000 -LEADER
fixed length control field 00449nam a2200181Ia 4500
008 - FIXED-LENGTH DATA ELEMENTS--GENERAL INFORMATION
fixed length control field 240823s9999||||xx |||||||||||||| ||und||
082 ## - DEWEY DECIMAL CLASSIFICATION NUMBER
-- 621.406 P1
100 ## - MAIN ENTRY--PERSONAL NAME
Personal name Yahya S M
245 #0 - TITLE STATEMENT
Title Fundamentals of Compressible Flow
250 ## - EDITION STATEMENT
Edition statement 2nd
260 ## - PUBLICATION, DISTRIBUTION, ETC. (IMPRINT)
Date of publication, distribution, etc 2001
Name of publisher, distributor, etc "New Age,Mew Delhi"
500 ## - GENERAL NOTE
General note TRANSFERED
650 ## - SUBJECT ADDED ENTRY--TOPICAL TERM
Topical term or geographic name as entry element Compressible
942 ## - ADDED ENTRY ELEMENTS (KOHA)
Item type Books
Holdings
Withdrawn status Lost status Damaged status Permanent location Current location Shelving location Date acquired Cost, normal purchase price Full call number Barcode Date last seen Koha item type
      CENTRAL LIBRARY, NOORUL ISLAM CENTRE FOR HIGHER EDUCATION CENTRAL LIBRARY, NOORUL ISLAM CENTRE FOR HIGHER EDUCATION   05/09/2003 195.00 621.406 P1 16872 08/23/2024 Books
Visitors:
Copyright © 2024 Central Library NICHE.  All rights reserved.